01018cam a22002894a 4500952012800000999001700128001000900145003000400154005001700158008004100175010001700216020001800233040001300251050002300264082001800287245008500305250001200390260005300402300004600455504005100501650002300552650001900575700002800594700001900622906004500641942004200686 00102ddc40708BIOLOGYaMESbMEScBOTANYd2022-11-08l0o574.88 WAL/Mp41708r2022-11-08 00:00:00w2022-11-08yBKzGL18R3 c41766d4176615992286OSt20221108155421.0091121s2009 enka b 001 0 eng  a 2009497289 a9780854041251 aDLCcDLC00aQH506b.M6614 2009 a574.88bWAL/M00aMolecular biology and biotechnology /cedited by John M. Walker, Ralph Rapl[e]y. a5th ed. aCambridge :bRoyal Society of Chemistry,cc2009. axix, 604 p. :bill. (some col.) ;c24 cm. aIncludes bibliographical references and index. 0aMolecular biology. 0aBiotechnology.1 aWalker, John M.,d1948-1 aRapley, Ralph. a7bcbccorigcopd2encipf20gy-gencatlg 2ddccBKh574.88iWAL/Mk574.88mWAL/M